Public Relations bankovní instituce v digitálním věku

Analýza a kritické zhodnotenie funkčného potenciálu digitalných komunikačných nástrojov a ich úloha pre účely komunikácie bankovej inštitúcie v oblasti vzťahov s verejnosťou. Multimediálne komunikačné kanály a aplikácia mobilného bankovníctva ako komunikačného prostredia s výrazným potenciálom pre d...

Celý popis

Uložené v:
Podrobná bibliografia
Hlavný autor: Knihová, Ladislava
Médium: Kapitola
Jazyk:Czech
Predmet:
Tagy: Pridať tag
Žiadne tagy, Buďte prvý, kto otaguje tento záznam!

MARC

LEADER 00000naa a2200000 4500
001 0253340
005 20260205072502.2
041 0 |a cze 
044 |a SK 
245 1 0 |a Public Relations bankovní instituce v digitálním věku  |c Ladislava Knihová 
520 |a Analýza a kritické zhodnotenie funkčného potenciálu digitalných komunikačných nástrojov a ich úloha pre účely komunikácie bankovej inštitúcie v oblasti vzťahov s verejnosťou. Multimediálne komunikačné kanály a aplikácia mobilného bankovníctva ako komunikačného prostredia s výrazným potenciálom pre dosiahnutie komunikačných cieľov bankových inštitúcií a pozitívneho PR. 
610 2 0 |a bankovníctvo mobilné 
610 2 0 |a vzťahy s verejnosťou 
610 2 0 |a vzťahy so zákazníkmi 
610 2 0 |a technológie nové 
610 2 0 |a technológie informačné 
610 2 0 |a technológie komunikačné 
610 2 0 |a digitalizácia 
100 1 |a Knihová, Ladislava